00963nam a22002297a 4500003000900000005001700009008002900026020001600055040002200071082003000093245015100123260008200274300002800356490002300384650005200407650006300459650005600522650006100578700003200639700003900671830002300710DO-SdBNP20180312131837.0160511b 2003 dr00| 0 spa d a9993404039  aBPMSUbspacBPMSU 4a374.83bP927e 3ro. 2003 aPrepara educación de adultos :b3ro. bachillerato /cManuel García Cartagena ... [et al.] ; dirección editorial Obdulia García de Escobar  aSanto Domingo :bSecretaría de Estado de Educación ;bSantillana ;c2003. a143 p. :bil. ;c28 cm.1 aSantillana adultos 4aENSEÑANZA SECUNDARIA zREPÚBLICA DOMINICANA 4aEDUCACIÓN SECUNDARIA DE ADULTOSzREPÚBLICA DOMINICANA 4aEDUCACIÓN SECUNDARIA DE ADULTOSxLIBROS DE TEXTOS 4aEDUCACIÓN SECUNDARIA DE ADULTOSxESTUDIOS Y EJERCICIOS12aGarcía Cartagena, Manuel.1 aGarcía de Escobar, Obdulia,eed. 0aSantillana adultos